000 00774cab a2200253 4500
001 A351
008 090401t1993 xxu||||| |||| 00| 0 eng d
035 _a(Sirsi) u28628
041 _aeng
100 _aLunn, Rodney
245 _aInsurance validations of antiques and fine art: a loss adjuster`s comments
260 _c1993
350 _a0
490 _aCS Monthly : General Practice
_v2(6) March 1993, 6(1)
520 _aGives guidance to valuers on preparing valuations of antiques, fine arts, jewellery, silver and the like for insurance purposes.
650 _aArts and antiques
_96217
650 _aCHATTELS
650 _aFINE ARTS
650 _aMENTOR
650 _aVALUATION PROCESS
690 _aINSURANCE
_96249
942 _n0
948 _c04/03/1997
999 _c19250
_d19250